000 00878nam a22002537a 4500
005 20250430162213.0
008 250430b |||||||| |||| 00| 0 eng d
020 _a978-1-3503-0390-4 (pbk)
037 _cTB
040 _aCRL
_cCRL
041 _2eng
_aeng
084 _aR6946 R4
_qCRL
100 _aKeng, Ching
_9753604
245 _aToward a new image of paramartha:
_bYogacara and tathagatagarbha buddhism revisited
260 _aLondon, UK:
_bBloomsbury Academic,
_c2024.
300 _axiii, 288p.
365 _b28.99
_cUKP
490 _aBloomsbury studies in world philosophies. (Editor) Monika Kirloskar - Steinbach
650 _2Philosophy
650 _2Yogacare
650 _2Buddhism
942 _2CC
_cTB
_hR6946 R4
_n0
999 _c1309853
_d1309853